000 00676nam a2200205Ia 4500
003 GCL
008 140319s9999 xx 000 0 ara d
040 _aGCL /
_cGCL
082 0 4 _a681.7603
_bدم
100 1 _aدار الراتب الجامعية
245 1 0 _aموسوعة عالم الالكترونات /
_cدار الراتب الجامعية
260 _a[S.N] :
_bدار الراتب الجامعية ،
_c1987
490 _a
650 0 4 _aموسوعات
650 0 4 _aالاجهزة الالكترونية
650 0 4 _aالدوائر الالكترونية
650 0 4 _aالكتب المرجعية
650 0 4 _aالالكترونيات
942 _2ddc
_cBK
999 _c49595
_d49595